00570nam a2200205Ia 450000500170000000800410001702000220005804000190008004100120009908200130011110000180012424500450014226000450018730000160023250400500024863000170029865000210031565100170033685000110035320231116105106.0131103s9999 xx 000 0 und d a195652894cRs 495 aLoreto College aEnglish a323bBAX aBaxi, Upendra 4aThe Future of Human RightscUpendra Baxi aNew DelhibOxford University Pressc2002 axviii,184p  aIncludes bibliographical references and index aCivil Rights aPolitical Rights aHuman Rights aLCLIB